000 00721nam a2200193 4500
999 _c15806
_d15806
008 201127b ||||| |||| 00| 0 eng d
022 _a0730-3084
082 _aDPer 613.705 J863 Sept 2015-Apr 2016 v. 86-87
100 _aRyan, Stu.
_942636
245 _aStrategies for more effective demonstrations/
_b
_cStu Ryan and four others.
260 _aPhiladelphia:
_bShape America-Society of Health and Physical Educators,
_c©Sept 2015-Apr 2016.
300 _av87, n4, pages 56-57:
_billustrations;
_c28 cm.
500 _aJOPERD
650 _aTeaching
_x Strategies.
_942637
700 _aMaina, M .
_eAuthor.
_942639
700 _aMokgwathi, M
_eAuthor.
_942643
700 _aKonukman, F.
_eEditor.
_942644
942 _2ddc
_cPER